Praktická cvičebnica nemčiny vybrané kapitoly z nemeckej gramatiky

Gespeichert in:
Bibliographische Detailangaben
1. Verfasser: Machalová, Mária
Format: Buch
Sprache:Deutsch
Slowakisch
Veröffentlicht: Bratislava Sprint vfra 2005
Schlagworte:
Tags: Tag hinzufügen
Keine Tags, Fügen Sie das erste Tag hinzu!

MARC

LEADER 00000nam$a2200000$$$4500
001 0033525
005 20240502071441.5
020 |a 80-89085-47-4 
041 0 |a ger 
041 0 |a slo 
044 |a SK 
245 1 0 |a Praktická cvičebnica nemčiny  |b vybrané kapitoly z nemeckej gramatiky  |c Mária Machalová 
264 1 |a Bratislava  |b Sprint vfra  |c 2005 
300 |a 279 s. 
610 2 0 |a jazyky cudzie 
610 2 0 |a jazykoveda 
610 2 0 |a terminológia 
100 1 |a Machalová, Mária